000 00465nam a2200193Ia 4500
003 OSt
005 20250909123653.0
008 250729s2004 xx 000 0 und d
020 _a978-8170242222
040 _cAL
041 _aeng
082 _a370.1 SEEP
100 _aSeetharamalu A S
_9222466
245 _aPhilosophies of education
260 _aNew Delhi
_bA P H Publishing
_c2004
300 _a243p
650 _aEducation
_9222467
942 _2ddc
_cBED
999 _c235476
_d235476